Rajpal english-hindi dictionary of technical terms (Record no. 7045)

MARC details
000 -LEADER
fixed length control field 00567cam a2200217ua 4500
001 - CONTROL NUMBER
control field 7930
005 - DATE AND TIME OF LATEST TRANSACTION
control field 20260515114253.0
008 - FIXED-LENGTH DATA ELEMENTS--GENERAL INFORMATION
fixed length control field 150102n ii |||gr||||Z||||||hin
020 ## - INTERNATIONAL STANDARD BOOK NUMBER
International Standard Book Number 8170281849
040 ## - CATALOGING SOURCE
Transcribing agency MAIN
041 ## - LANGUAGE CODE
Language code of text/sound track or separate title hin
082 ## - DEWEY DECIMAL CLASSIFICATION NUMBER
Classification number 891.4303
100 ## - MAIN ENTRY--PERSONAL NAME
Personal name Bahri, H.,
Relator term Editor.
245 1# - TITLE STATEMENT
Title Rajpal english-hindi dictionary of technical terms
Statement of responsibility, etc. Edited by Hardev Bahri
250 ## - EDITION STATEMENT
Edition statement 1st.
260 ## - PUBLICATION, DISTRIBUTION, ETC.
Place of publication, distribution, etc. Delhi:
Name of publisher, distributor, etc. Rajpal & Sons,
Date of publication, distribution, etc. 1995.
300 ## - PHYSICAL DESCRIPTION
Extent 668p.
653 ## - INDEX TERM--UNCONTROLLED
Uncontrolled term East Indo-European & Celtic literatures
653 ## - INDEX TERM--UNCONTROLLED
Uncontrolled term Hindi dictionary
942 ## - ADDED ENTRY ELEMENTS (KOHA)
Koha item type Books
Holdings
Withdrawn status Lost status Damaged status Not for loan Home library Current library Shelving location Date acquired Total checkouts Full call number Barcode Date last seen Copy number Price effective from Koha item type
        Naharkatiya College Library Naharkatiya College Library General stacks 09/19/2020   891.4303 | RAJ 6963 09/19/2020 1 09/19/2020 Books